|
|
|
|
| LEADER |
00000cam a2200000 7i4500 |
| 001 |
0000012088 |
| 005 |
20071128.0 |
| 008 |
071128 |
| 020 |
|
|
|a 9833376797
|
| 090 |
0 |
0 |
|a 305.235
|b MOH
|
| 100 |
0 |
|
|a Mohd. Ismail Mustari
|
| 245 |
1 |
0 |
|a Menjadi belia cemerlang
|c Mohd. Ismail Mustari
|
| 260 |
|
|
|a Pahang :
|b PTS Professional ,
|c 2006
|
| 440 |
|
|
|a Siri kaunseling
|
| 650 |
|
0 |
|a Youth
|x Conduct of life
|
| 650 |
|
0 |
|a Youth
|x Psychology
|
| 650 |
|
0 |
|a Youth
|x Social aspects
|
| 710 |
0 |
|
|a Title
|
| 999 |
|
|
|a 0000922854
|b Book
|c Adult Collection
|e Cawangan Bukit Gambir
|
| 999 |
|
|
|a 0000922855
|b Book
|c Adult Collection
|e Cawangan Bukit Gambir
|
| 999 |
|
|
|a 0000932953
|b Book
|c Adult Collection
|e Cawangan Tangkak
|
| 999 |
|
|
|a 0000932957
|b Book
|c Adult Collection
|e Cawangan Tangkak
|
| 999 |
|
|
|a 0001004749
|b Book
|c Adult Collection
|e Perbadanan Perpustakaan Awam Johor
|
| 999 |
|
|
|a 0001004750
|b Book
|c Adult Collection
|e Perbadanan Perpustakaan Awam Johor
|
| 999 |
|
|
|a 0001010434
|b Book
|c Adult Collection
|e Cawangan Mersing
|
| 999 |
|
|
|a 0001010435
|b Book
|c Adult Collection
|e Cawangan Mersing
|
| 999 |
|
|
|a 0001010436
|b Book
|c Adult Collection
|e Cawangan Segamat
|